000 00285nam a22001337a 4500
008 181023b xxu||||| |||| 00| 0 eng d
020 _a9781551113609
041 _aeng
080 _a101
100 _a24
101 _aFIL
245 _aFirst Philosophy
_cBailey,A
942 _2udc
_cBK
999 _c50651
_d50651